| 000 | 01812nam a22002057a 4500 | ||
|---|---|---|---|
| 008 | 250513s2025 xxk|||||o|||| 00| 0 eng d | ||
| 041 | _aeng | ||
| 110 | _aRoyal Institution of Chartered Surveyors | ||
| 245 |
_aRICS Standard Form of Consultant’s Appointment - _bScotland _h[Electronic resource] |
||
| 260 |
_aLondon, _bRoyal Institution of Chartered Surveyors, _cMay 2022 (revised April 2025) |
||
| 300 | _a36p. | ||
| 490 | _aRICS Standard Form | ||
| 520 | _aRICS has published a new edition of their RICS Forms of Consultant’s Appointment, which are intended to be used by clients. Members and others involved in the appointment of surveyors are encouraged to use these forms when considering surveyors for a wide variety of different disciplines within the construction process and related fields. RICS Standard Form of Consultant’s Appointment is intended to be used for the more complex, medium or large ‘normal’ type service project appointments. | ||
| 520 | _aIn April 2025, revised forms were published to account for the introduction of the new role of Principal Designer (Building Regulations) following the passing of the Building Safety Act 2022 and the introduction of The Building Regulations, Part 2A. A new Scope of Services has been published. Revisions have been made to the existing forms to introduce and distinguish between the new role of Principal Designer (Building Regulations) from the existing role of Principal Designer (CDM 2015). | ||
| 650 | _aAPPOINTMENT | ||
| 651 | _aScotland | ||
| 710 | _aRoyal Institution of Chartered Surveyors | ||
| 856 |
_uhttps://www.rics.org/content/dam/ricsglobal/documents/standards/standard-form-of-consultants-appointment/RICS-Standard-Form-of-Consultants-Appointment-Scotland-April-2025.pdf _zAvailable on RICS.org |
||
| 942 | _n0 | ||
| 999 |
_c122160 _d122160 |
||